00310nam a2200109Ia 4500008004100000082001900041100002100060245007700081250001600158260001600174300001000190210430s9999 xx 000 0 und d a660.2815 S639P aSmith, Carlos A. aPrinciples and practice of automatic process control /cSmith, Carlos A. a3rd edition bWileyc2006 a562p.